000 00352nam a22001457a 4500
003 MACL
005 20191123161803.0
008 191123b xxu||||| |||| 00| 0 eng d
040 _cMACL
100 _aGupta, Sheetal
_936582
245 _aFood Culture of India
260 _aAllahabad
_bPoint Pub
_c2018
650 _aCusine
_977255
942 _2ddc
_cBK
999 _c61387
_d61387